| 000 | 00331nam a2200133Ia 4500 | ||
|---|---|---|---|
| 005 | 20251222143115.0 | ||
| 008 | 251222s9999||||xx |||||||||||||| ||spa|| | ||
| 020 | _a84-7697-061-7 | ||
| 082 | _a861.64/A47R | ||
| 100 | _aAlvarez Gonzéles, Carmen-Amelia | ||
| 245 | 0 | _aEl Recuerdo hecho Verso | |
| 264 | _bEl paisaje | ||
| 942 | _cLIB | ||
| 999 |
_c11334 _d11334 |
||